Métodos estadísticos en ingeniería de tránsito

Salvato in:
Dettagli Bibliografici
Autori principali: Schwar, Johannes F (Autore), Puy Huarte, José (Autore)
Natura: Libro
Lingua:spagnolo
Pubblicazione: Ciudad de México Representaciones y Servicios de Ingeniería 1975
Ciudad de México Asociación Mexicana de Caminos 1975
Soggetti:
Tags: Aggiungi Tag
Nessun Tag, puoi essere il primo ad aggiungerne!!

MARC

LEADER 00000nam a2200000 a 4500
001 UCL6433
003 CL-VaPUC
008 040402e19750000mx |||||||||||||||||spa|d
020 |a 9686062505 
082 0 4 |a 388.413  |b SCH  |2 21 
100 0 |a Schwar, Johannes F  |e author  |9 484138 
700 0 |a Puy Huarte, José  |e author  |9 484139 
245 1 0 |a Métodos estadísticos en ingeniería de tránsito 
300 |a 147 p 
942 |c BK 
945 |d 20040402 00:00:00  |a cmena 
260 |a Ciudad de México  |b Representaciones y Servicios de Ingeniería  |c 1975 
260 |a Ciudad de México  |b Asociación Mexicana de Caminos  |c 1975 
650 7 |a TRANSPORTE  |2 CL-VaPUC  |9 256365 
650 7 |a TRAFICO URBANO  |2 CL-VaPUC  |9 484140 
650 0 |a Planificación urbana   |9 258176 
583 |a last modification  |c 20171211 01:28:25  |k Rodrigo Vera 
999 |c 308541  |d 308539 
952 |0 0  |1 0  |4 0  |6 388_413000000000000_SCH_1975_1975  |7 0  |8 A  |9 375149  |a BIBING  |b BIBING  |d 2019-11-21  |i 3989771  |o 388.413 SCH 1975 1975  |p 3989771  |r 2025-01-20  |w 2019-11-21  |y BK  |k TRA